000 00373nam a2200157Ia 4500
008 230524s9999 xx 000 0 und d
082 _a512.5
_bDAT
100 _aK.B.Dutta
_911779
245 0 _aMatrix and Linear Algebra
250 _a1ST
260 _aNEW DELHI
_bPHI
_c1999
300 _aXI;613
500 _aQuantity Number: 1
650 _aMathematics
942 _cBK
999 _c16047
_d16047